000
00430nam a2200145Ia 4500
008
100204s9999 xx 000 0 und d
082
_b
5149
100
_a
रामपुरे बा. धो.
245
_a
फिरकी
260
_b
"मेहता पब्लिशिंग हाऊस , पुणे"
_c
1982
300
_a
124
630
_a
फिरकी
730
_a
फिरकी
942
_c
BOOK
999
_c
466583
_d
466580